000
00255nam a22000977a 4500
008
221103b |||||||| |||| 00| 0 eng d
020
_a
978886292244
100
_a
Ganguli Aurijit
_9
7610
245
_a
The Mystery Mountains
260
_a
India
_b
Notion Press
_c
2022
999
_c
12119
_d
12119